[Event "Mittelfrank Regionalliga Sud-West 2223"]
[Site "Mittelfranken"]
[Date "2023.01.15"]
[Round "5.8"]
[White "Bleyer, Kevin Michael"]
[Black "Guenther, Joerg"]
[Result "0-1"]
[WhiteElo "1460"]
[BlackElo "1974"]
[PlyCount "52"]
[EventDate "2022.10.09"]
[EventType "team-tourn"]
[EventRounds "9"]
[EventCountry "GER"]
[SourceTitle "EXT 2024"]
[Source "ChessBase"]
[SourceDate "2023.10.10"]
[SourceVersion "1"]
[SourceVersionDate "2023.10.10"]
[SourceQuality "1"]
[WhiteTeam "Haunstetten II"]
[BlackTeam "Altstadt Roter Turm"]
[WhiteTeamCountry "GER"]
[BlackTeamCountry "GER"]

1. e4 e5 2. Bc4 Nf6 3. Nc3 Nc6 4. Nf3 Nxe4 5. Bxf7+ Kxf7 6. Nxe4 d5 7. Nc3 e4 8. Ng1 Qg5 9. g3 Qe5 10. Nge2 d4 11. Nb1 Bg4 12. c3 Bxe2 13. Qxe2 Re8 14. 0-0 Bc5 15. Qc4+ Re6 16. b4 Bb6 17. Bb2 Rd8 18. Kg2 Qf5 19. a4 a6 20. b5 Ne5 21. Qb3 Ke7 22. Ba3+ Kd7 23. bxa6 bxa6 24. cxd4 Nf3 25. d5 Rh6 26. Rh1 Qh3# 0-1